000 00651 a2200205 4500
010 _aENG-85743
020 _a8123749440
_c350.00
035 _aEN-69276
037 _bD.B.Act / Pub
082 1 4 _a630.954
090 _c3334
_d3334
100 1 _aBhalla, G S
245 2 _aIndian agriculture since independence
_cG S Bhalla
260 _aNew Delhi
_bNational Book Trust, India
_c2007
270 _aA-5, Green Parkl
_bNew Delhi
_cDelhi
_e110 016
300 _axi, 348p.
_c22cm (Hb)
490 _aPopular social science
942 _adpl
_cEN
_k630.954 / BHA
999 _c3269
_d3269